00500nam a22001697a 450000500170000001000150001702000260003203500140005803700130007208200110008510000180009624500520011426000370016627000670020330000190027050000410028920170609095052.0 aENG-118569 a9788186098714c150.00 aEN-102101 bDBAD/PUB a371.26 aPareek, Sarla aScaling of examination marks /cby Sarla Pareek aJaipurbPopular Book Depotc2017 aG-15,SS. Tower, Dhamini Street, Chaura Rasta bJaipure302003 a90p.c23cm(Hb) aIncludes bibliographical reference